000
00275nam a22000977a 4500
999
_c
11202
_d
11202
008
181009b ||||| |||| 00| 0 eng d
020
_a
9788130407906
100
_a
SANJAY, SANJEEV JAISWAL
_9
6958
245
_a
BEST OF MORE MAGIC TALES
260
_a
INDIA
_b
TINY TOT PUBLICATION
_c
2015